Comptes-rendus des travaux.
| Corporate Author: | |
|---|---|
| Format: | Serial |
| Language: | French English German |
| Language Notes: | English, French or German. |
| Published: |
Copenhagen :
En commission chez H. Hagerup.
|
| Subjects: |
MARC
| Tag | First Indicator | Second Indicator | Subfields |
|---|---|---|---|
| LEADER | 00000cas a2200000 4500 | ||
| 001 | in00000047622 | ||
| 005 | 20151007073430.0 | ||
| 008 | 750817c1uuu9999dk uu 0uu1b1fre | ||
| 010 | |a 21007313 | ||
| 035 | |a (OCoLC)01553383 | ||
| 035 | |9 AAE9707AM | ||
| 040 | |a MUL |c MUL |d IUL |d TXA |d UtOrBLW | ||
| 041 | 0 | |a eng |a fre |a ger | |
| 049 | |a TXAE | ||
| 050 | 0 | |a TP500 |b .C35 | |
| 110 | 2 | |a Carlsberg laboratoriet. | |
| 245 | 1 | 0 | |a Comptes-rendus des travaux. |
| 247 | 0 | 0 | |a Resume du compte-rendu des travaux |f 18 -99 |
| 264 | 1 | |a Copenhagen : |b En commission chez H. Hagerup. | |
| 300 | |a volumes in : |b illustrations, portraits, maps (part folded) diagrams ; |c 25 cm. | ||
| 336 | |a text |b txt |2 rdacontent | ||
| 337 | |a unmediated |b n |2 rdamedia | ||
| 338 | |a volume |b nc |2 rdacarrier | ||
| 515 | |a Vols. 5- called "edition francaise." | ||
| 515 | |a Beginning with v. 21 issued in 2 series: Serie chimique; Serie physiologique. | ||
| 546 | |a English, French or German. | ||
| 555 | |a Vols. 1-16, 1876-1927. 1 v.; Vols. 17-20, 1927-35, with v. 20. | ||
| 580 | |a Vols. 1-4 issued also as a separately paged section called "Resume en francais" of the laboratory's Meddelelser, v. 1-4. | ||
| 650 | 0 | |a Brewing |x Societies, etc. | |
| 777 | 1 | |a Carlsburg Laboratoriet, Copenhagen. |t Meddelelser |g v. 1-4 | |
| 999 | |a MARS | ||
| 999 | f | f | |s fea585a1-f019-30e5-9919-18cbd1da66fe |i ec635be7-9d5d-3488-bd9a-c3673cab8ab3 |t 0 |
| 952 | f | f | |a Texas A&M University |b College Station |c Sterling C. Evans Library |d Evans: Library Stacks |t 0 |e TP500 .C35 |h Library of Congress classification |
| 998 | f | f | |a TP500 .C35 |s v.21-24 (1934/1936-1944/1950) |t 0 |l Evans: Library Stacks |